| 000 | 01343cam a22003854i 4500 | ||
|---|---|---|---|
| 003 | PE-LiUPU | ||
| 005 | 20250731183445.0 | ||
| 008 | 150616s r 000 0 d | ||
| 020 | _a0916642402 | ||
| 035 | _a(Sirsi) i9780916642402 | ||
| 040 |
_aPE-LiUPU _bspa _cPE-LiUPU _erda |
||
| 049 | _aPRUA | ||
| 082 | 0 | 4 |
_a783 _bB64 _221 |
| 100 | 1 |
_aBock, Lois, _eautor. |
|
| 245 | 1 | 0 | _aCreating four-part harmony: Effective ideas for ministers of music. |
| 264 | 1 |
_aCarol Steam, Illinois : _bHope Publishing Company, _c1989. |
|
| 300 |
_a208 páginas ; _c20centímetros |
||
| 336 |
_atext _2rdacontent |
||
| 337 |
_aunmediated _2rdamedia |
||
| 338 |
_avolume _2rdacarrier |
||
| 505 | 0 | _aHarmony with God.- Harmony in the church. | |
| 526 | _aP158 | ||
| 526 | _aP146 | ||
| 526 | _aP17 | ||
| 526 | _aP12 | ||
| 526 | _aP06 | ||
| 650 | 0 | 4 |
_aMUSICA SACRA. _92035 |
| 910 |
_ajck _bjvq _cjck |
||
| 942 |
_2ddc _cBOOK |
||
| 949 |
_a783 B64 _wDEWEY _c1 _i41959 _lCCODEBUL1 _mBUL _r0 _sY _tBOOK _u2015-6-16 _xTEOLOGIA _zUNKNOWN _0COMPRA _o.STAFF. Colección General |
||
| 994 |
_aC0 _bPEPRU |
||
| 596 | _a1 | ||
| 999 |
_a783 B64 _wDEWEY _c59704 _i41959 _f2021-11-11 _g5 _lCCODEBUL1 _mBUL _r0 _sY _tBOOK _u2015-6-16 _xTEOLOGIA _zUNKNOWN _0COMPRA _o.STAFF. Colección General _d59704 |
||
| 980 |
_81 _gALBERTO SANCHEZ Responsable de Automatización |
||